000 00400nam a2200169Ia 4500
008 230524s9999 xx 000 0 und d
020 _a9780070612204
082 _a530
_bACH
100 _aM K Achuthan
245 0 _aFundamentals of Semiconductor Devices
250 _aIST
260 _aNEW DELHI
_c2008
300 _aIX;717
500 _aQuantity Number: 5
650 _aPhysics
942 _cBK
999 _c43789
_d43789